American Pro Sports Locations by Team - Statistics

General Stats
  • This quiz has been taken 126 times
    78 since last reset
  • The average score is 98 of 123
Answer Stats
Team Sport Location % Correct
49ers NFL San Francisco
95%
Bills NFL Buffalo
91%
Bears NFL Chicago
91%
Bulls NBA Chicago
91%
76ers NBA Philadelphia
91%
Hawks NBA Atlanta
89%
Celtics NBA Boston
89%
Cubs MLB Chicago
89%
Cavaliers NBA Cleveland
89%
Cowboys NFL Dallas
89%
Broncos NFL Denver
89%
Dodgers MLB Los Angeles
89%
Dolphins NFL Miami
89%
Buccaneers NFL Tampa Bay
89%
Falcons NFL Atlanta
86%
Red Sox MLB Boston
86%
Blackhawks NHL Chicago
86%
Browns NFL Cleveland
86%
Mavericks NBA Dallas
86%
Nuggets NBA Denver
86%
Astros MLB Houston
86%
Clippers NBA Los Angeles
86%
Lakers NBA Los Angeles
86%
Heat NBA Miami
86%
Bucks NBA Milwaukee
86%
Patriots NFL New England
86%
Giants NFL New York
86%
Jets NFL New York
86%
Knicks NBA New York
86%
Mets MLB New York
86%
Athletics MLB Oakland
86%
Magic NBA Orlando
86%
Eagles NFL Philadelphia
86%
Giants MLB San Francisco
86%
Seahawks NFL Seattle
86%
Jazz NBA Utah
86%
Cardinals NFL Arizona
84%
Braves MLB Atlanta
84%
Hornets NBA Charlotte
84%
Pistons NBA Detroit
84%
Rockets NBA Houston
84%
Colts NFL Indianapolis
84%
Jaguars NFL Jacksonville
84%
Angels MLB Los Angeles
84%
Chargers NFL Los Angeles
84%
Rams NFL Los Angeles
84%
Islanders NHL New York
84%
Spurs NBA San Antonio
84%
Blue Jays MLB Toronto
84%
Raptors NBA Toronto
84%
Capitals NHL Washington
84%
Diamondbacks MLB Arizona
82%
Ravens NFL Baltimore
82%
Bruins NHL Boston
82%
Nets NBA Brooklyn
82%
Bengals NFL Cincinnati
82%
Lions NFL Detroit
82%
Red Wings NHL Detroit
82%
Packers NFL Green Bay
82%
Pacers NBA Indiana
82%
Chiefs NFL Kansas City
82%
Grizzlies NBA Memphis
82%
Brewers MLB Milwaukee
82%
Saints NFL New Orleans
82%
Rangers NHL New York
82%
Maple Leafs NHL Toronto
82%
Nationals MLB Washington
82%
Ducks NHL Anaheim
80%
Flames NHL Calgary
80%
Indians MLB Cleveland
80%
Avalanche NHL Colorado
80%
Rockies MLB Colorado
80%
Stars NHL Dallas
80%
Marlins MLB Miami
80%
Canadiens NHL Montreal
80%
Pelicans NBA New Orleans
80%
Raiders NFL Oakland
80%
Phillies MLB Philadelphia
80%
Suns NBA Phoenix
80%
Steelers NFL Pittsburgh
80%
Kings NBA Sacramento
80%
Mariners MLB Seattle
80%
Blues NHL St. Louis
80%
Rangers MLB Texas
80%
Football Team NFL Washington
80%
Royals MLB Kansas City
77%
Golden Knights NHL Las Vegas
77%
Kings NHL Los Angeles
77%
Devils NHL New Jersey
77%
Flyers NHL Philadelphia
77%
Pirates MLB Pittsburgh
77%
Padres MLB San Diego
77%
Sharks NHL San Jose
77%
Cardinals MLB St. Louis
77%
Lightning NHL Tampa Bay
77%
Orioles MLB Baltimore
75%
Panthers NFL Carolina
75%
Oilers NHL Edmonton
75%
Texans NFL Houston
75%
Timberwolves NBA Minnesota
75%
Penguins NHL Pittsburgh
75%
Rays MLB Tampa Bay
75%
Jets NHL Winnipeg
75%
Tigers MLB Detroit
70%
Trail Blazers NBA Portland
70%
Canucks NHL Vancouver
70%
Coyotes NHL Arizona
68%
Sabres NHL Buffalo
68%
White Sox MLB Chicago
68%
Reds MLB Cincinnati
68%
Blue Jackets NHL Columbus
68%
Vikings NFL Minnesota
68%
Yankees MLB New York
68%
Panthers NHL Florida
66%
Twins MLB Minnesota
66%
Predators NHL Nashville
66%
Thunder NBA Oklahoma City
66%
Warriors NBA Golden State
64%
Titans NFL Tennessee
64%
Wizards NBA Washington
64%
Senators NHL Ottawa
59%
Hurricanes NHL Carolina
57%
Wild NHL Minnesota
57%
No matching quizzes found
Score Distribution
Percent of People with Each Score
Percentile by Number Answered
Your Score History
You have not taken this quiz since the last reset